MLB 2024 Strikeout Leaders - Statistics

General Stats
  • This quiz has been taken 14 times
  • The average score is 15 of 22
Answer Stats
Number of K's Team Answer % Correct
228 Tigers Tarik Skubal
100%
225 Braves Chris Sale
91%
224 Padres Dylan Cease
91%
224 Phillies Zack Wheeler
91%
223 Royals Cole Ragans
82%
209 White Sox Garrett Crochet
82%
194 Tigers / Dodgers Jack Flaherty
82%
197 Phillies Aaron Nola
73%
220 Mariners Logan Gilbert
73%
206 Blue Jays / Astros Yusei Kikuchi
73%
185 Diamondbacks Brandon Pfaadt
64%
195 Yankees Carlos Rodon
64%
181 Orioles Corbin Burnes
64%
200 Brewers Freddy Peralta
64%
198 Twins Pablo Lopez
64%
181 Royals Seth Lugo
64%
203 Cardinals Sonny Gray
64%
181 Nationals MacKenzie Gore
55%
201 Padres Michael King
55%
187 Guardians Tanner Bibee
55%
191 Twins Bailey Ober
45%
184 Mets Sean Manaea
45%
No matching quizzes found
Score Distribution
Percent of People with Each Score
Percentile by Number Answered
Your Score History
You have not taken this quiz